000
003340000a22001570004500
001
002707
003
MACL
040
_a
MACL
090
_c
14700
_d
14699
100
_a
Bose, Brinda
245
_a
Gender & Censorship
_c
Brinda Bose
260
_a
Kali For Women,
_c
2006
350
_a
495
650
_a
Social Science
942
_k
305
_c
Book
999
_c
14616
_d
14616